000 00488nam a2200193 a 4500
001 1767860135320
003 YourLibrary
005 20260108150645.0
008 260108s2008##################000#0#eng##
020 _a9780520257467
082 0 4 _a301.0727
_bBES
100 1 _aBest, Joel,
_eauthor.
245 1 0 _aStat-Spotting :
260 _bUniv of California Press,
_c2008.
300 _a152 pages
650 0 _aHistory.
942 _cENGLISH
040 _aYourLibrary
_beng
_cYourLibrary
999 _c607820
_d607820